ندى : شعر .. زجل

محفوظ في:

المؤلف الرئيسي: جلال خليل عبد الرحمن.

التنسيق: كتاب

اللغة: Undetermined

منشور في: Miṣr matbaeat alshubakshaa bialazhar

الوسوم: إضافة وسم

لا توجد وسوم, كن أول من يضع وسما على هذه التسجيلة!

رقم الطلب: P33 RAHM

LEADER 00372nam a2200121Ia 4500
008 240404s9999||||xx |||||||||||||| ||und||
050 4 |a P33 RAHM 
100 1 |a جلال خليل عبد الرحمن. 
245 1 0 |a ندى : شعر .. زجل  |c جلال خليل عبد الرحمن 
264 1 |a Miṣr  |b matbaeat alshubakshaa bialazhar 
300 |a 64  |c 18 
942 |2 lcc  |c BK 
999 |c 58107  |d 58107